000 00607nam a2200217 a 4500
001 51272
003 BD-RjUL
005 20211209075632.0
008 160830s1966 a ||1 | d
035 _a(BD-RjUL)51392
040 _aUkOxU
_beng
_erda
_cUkOxU
041 _aeng
082 _a512.817
_bFRS 1966
100 _aFraenkel, Abraham A.
_9153368
245 0 0 _aSet theory and logic /
_cby Abraham A. Fraenkel.
260 _aLondon :
_bAddinson-Wesley Publishing Company,
_c1966
300 _a102 p. :
_bill. ;
_c23 cm.
500 _aIncludes index
650 _aSet theory
_9153369
942 _2ddc
_cBK
999 _c51272
_d51272